Nr. 1 Hits in Deutschland 1996 - Statistiken

Allgemein
  • Dieses Quiz wurde 47 mal gespielt
  • Das Durchschnittsergebnis liegt bei 10 aus 15
Antwortstatistiken
Wochen auf Platz 1 Lied Interpret % Korrekt
6 Wochen Earth Song Michael Jackson
98%
3 Wochen They Don’t Care About Us Michael Jackson
98%
8 Wochen Gangsta’s Paradise Coolio feat. L. V.
88%
4 Wochen Zehn kleine Jägermeister Die Toten Hosen
88%
4 Wochen Wannabe Spice Girls
88%
4 Wochen Lemon Tree Fools Garden
83%
1 Woche Verpiss’ dich Tic Tac Toe
83%
4 Wochen Quit Playing Games(with My Heart) Backstreet Boys
79%
4 Wochen Macarena Los del Río
71%
13 Wochen Time to Say Goodbye Sarah Brightman &Andrea Bocelli
69%
9 Wochen Killing Me Softly The Fugees
64%
7 Wochen Children Robert Miles
43%
2 Wochen Missing Everything but the Girl
19%
2 Wochen I Can’t Help Myself(I Love You, I Want You) The Kelly Family
12%
1 Woche Spaceman Babylon Zoo
7%
Keine übereinstimmenden Quizze gefunden
Verteilung der Resultate
Anzahl Personen mit jedem Resultat
Perzentil nach korrekt beantworteten Fragen
Ihre Resultats-Entwicklung
Sie haben dieses Quiz noch nicht gespielt